|
|
|
|
| LEADER |
00000nam a2200000 a 4500 |
| 001 |
vtls011608243 |
| 003 |
SK-MaSNL |
| 005 |
20260425223624.0 |
| 008 |
200104s2016 xo e l 000 0 slo |
| 015 |
|
|
|a SNBI2017
|
| 020 |
|
|
|a 9788081730184
|q (brož.)
|
| 035 |
|
|
|a urn:nbn:sk:snk-am00cz1e
|
| 035 |
|
|
|a urn:nbn:sk:snk-am3hg1a
|
| 035 |
|
|
|a 81F63BCE-6F50-4AC2-B2F4-44FE87450467
|
| 040 |
|
|
|a SNK
|b slo
|c SNK
|e AACR2
|
| 041 |
0 |
|
|a slo
|
| 043 |
|
|
|a e-xo---
|
| 044 |
|
|
|a xo
|c SK
|
| 072 |
|
7 |
|a 347
|x Súkromné právo
|2 konspekt
|
| 080 |
|
|
|a 347
|2 2011
|
| 080 |
|
|
|a (437.6)
|2 2011
|
| 080 |
|
|
|a (094.5)
|2 2011
|
| 110 |
1 |
|
|a Slovensko
|4 aut
|9 266955
|
| 240 |
1 |
0 |
|a Občiansky zákonník (1964, novela 2016)
|
| 245 |
1 |
0 |
|a Občiansky zákonník
|b úplné znenie zákona : s účinnosťou od 1. júla 2016
|
| 250 |
|
|
|a 4. vyd.
|
| 260 |
|
|
|a Šamorín
|b Heuréka
|c 2016
|
| 300 |
|
|
|a 133 s.
|c 21 cm
|
| 490 |
1 |
|
|a Zákony
|
| 650 |
0 |
7 |
|a občianske právo
|2 SNKPH
|9 981
|
| 650 |
0 |
7 |
|a Civil law
|2 SNKPHeng
|9 266960
|
| 651 |
|
7 |
|a Slovensko
|2 SNKPH
|9 14231
|
| 651 |
|
7 |
|a Slovakia
|2 SNKPHeng
|9 92630
|
| 655 |
|
7 |
|a zákony
|2 SNKPH
|9 70186
|
| 655 |
|
7 |
|a Laws
|2 SNKPHeng
|9 266957
|
| 830 |
|
0 |
|a Zákony
|9 302061
|
| 919 |
|
|
|a 978-80-8173-018-4
|
| 999 |
|
|
|c 590899
|d 592829
|
| 952 |
|
|
|a SNK
|b SNK
|y PREZ
|7 0
|p 17A1251982
|o snkSC 172909
|i snk2017/2929
|8 0
|0 0
|1 0
|4 0
|d 2017-02-01
|f 1
|l 0
|r 2025-09-11 00:00:00
|w 2026-02-23
|
| 952 |
|
|
|a SNK
|b SNK
|y VYP
|7 0
|p 17A1251983
|o snkSC 172909 D1
|i snk2017/2930
|8 0
|0 0
|1 0
|4 0
|d 2017-02-01
|l 0
|r 2026-02-23 15:23:37
|w 2026-02-23
|